El rol del comit ̌de los derechos de las personas con discapacidad El derecho a la educacin̤ inclusiva y de calidad /

Detalles Bibliográficos
Autor principal: Foschiani, Giulia
Formato: eBook
Lenguaje:español
Publicado: Madrid: Editorial Universitaria Ramn̤ Areces, 2017
Materias:
Acceso en línea:Acceso restringido

MARC

LEADER 00000nam a22000007a 4500
005 20180927133342.0
007 cr|||| ||||
008 180927s2017 es |||||s|||| 00||0 spa d
020 |a 978-84-9961-222-5 
035 |a 22027 
040 |a vLex 
090 |c 8133  |d 8133 
100 1 |a Foschiani, Giulia 
245 1 2 |a El rol del comit ̌de los derechos de las personas con discapacidad  |h [Recurso electrn̤ico] :  |b El derecho a la educacin̤ inclusiva y de calidad /  |c Giulia Foschiani 
256 |a Servicio en ln̕ea 
260 |a Madrid:  |b Editorial Universitaria Ramn̤ Areces,  |c 2017 
300 |a 1 recurso electrn̤ico 
500 |a Obra bs̀ica para instituciones que quieren asegurar el cumplimiento de los derechos de las personas con discapacidad, abriendo oportunidades a su participacin̤ en la sociedad, reconociendo el derecho a que se pueda acudir a estos organismos internacionales y siendo una gua̕ prc̀tica para estos menesteres para toda fundacin̤ u ONG que entre sus fines incluyan la defensa de los derechos de las personas con discapacidad. 
506 1 |a Disponible solo en los productos indicados  |d vLex Global  |d vLex Global (Academic Edition, excluding Law Schools)  |d vLex Global (U.S. Academic Edition, Law Schools)  |d vLex Global (U.S. Academic Edition, excluding Law Schools)  |d vLex Global (Academic Edition, Law Schools) 
650 0 4 |a Derecho Civil  |z Espaą 
650 0 4 |a Derecho Constitucional  |z Espaą 
740 0 |a vLex Libros (Servicio en ln̕ea) 
856 4 0 |u http://vlex.com/source/rol-del-comite-de-los-derechos-de-las-personas-con-discapacidad-el-derecho-a-la-educacion-inclusiva-y-de-calidad-22027  |z Acceso restringido 
942 |c BOOK 
999 0 |a Civil Law 
999 0 |a Constitutional Law